MARC details
| 000 -LEADER |
| fixed length control field |
02352cam a2200517Ma 4500 |
| 001 - CONTROL NUMBER |
| control field |
ocn300941482 |
| 003 - CONTROL NUMBER IDENTIFIER |
| control field |
TZ-ArACH |
| 005 - DATE AND TIME OF LATEST TRANSACTION |
| control field |
2012090706586.0 |
| 008 - FIXED-LENGTH DATA ELEMENTS--GENERAL INFORMATION |
| fixed length control field |
060825s2006 fr bd 001 0 fre d |
| 010 ## - LIBRARY OF CONGRESS CONTROL NUMBER |
| LC control number |
2006501182 |
| 016 7# - NATIONAL BIBLIOGRAPHIC AGENCY CONTROL NUMBER |
| Record control number |
FRBNF402245820000008 |
| Source |
FrPBN |
| 020 ## - INTERNATIONAL STANDARD BOOK NUMBER |
| International Standard Book Number |
9782707147066 |
| 020 ## - INTERNATIONAL STANDARD BOOK NUMBER |
| International Standard Book Number |
2707147060 |
| 035 ## - SYSTEM CONTROL NUMBER |
| System control number |
(OCoLC)300941482 |
| 040 ## - CATALOGING SOURCE |
| Original cataloging agency |
RUQBL |
| Language of cataloging |
fre |
| Transcribing agency |
TZ-ArACH |
| Modifying agency |
FRBML |
| -- |
BDF |
| -- |
CHRRO |
| -- |
UQ1 |
| 041 ## - LANGUAGE CODE |
| Language code of text/sound track or separate title |
Fre |
| 049 ## - LOCAL HOLDINGS (OCLC) |
| Holding library |
TZAA |
| 050 00 - LIBRARY OF CONGRESS CALL NUMBER |
| Classification number |
KZ6471 |
| Item number |
.B68 |
| 082 14 - DEWEY DECIMAL CLASSIFICATION NUMBER |
| Classification number |
341.6 |
| Edition number |
21 |
| 100 1# - MAIN ENTRY--PERSONAL NAME |
| Personal name |
Bouchet-Saulnier, Françoise. |
| 9 (RLIN) |
4214 |
| 245 10 - TITLE STATEMENT |
| Title |
Dictionnaire pratique du droit humanitaire / |
| Statement of responsibility, etc |
Françoise Bouchet-Saulnier. |
| 250 ## - EDITION STATEMENT |
| Edition statement |
Troisième éd. mise à jour et augm. |
| 260 ## - PUBLICATION, DISTRIBUTION, ETC. (IMPRINT) |
| Place of publication, distribution, etc |
Paris : |
| Name of publisher, distributor, etc |
La Découverte, |
| Date of publication, distribution, etc |
2006. |
| 300 ## - PHYSICAL DESCRIPTION |
| Extent |
587 p. ; |
| Dimensions |
24 cm. |
| 504 ## - BIBLIOGRAPHY, ETC. NOTE |
| Bibliography, etc |
Comprend des réf. bibliogr. et des index. |
| 650 #6 - SUBJECT ADDED ENTRY--TOPICAL TERM |
| Topical term or geographic name as entry element |
Droit international humanitaire |
| Form subdivision |
Dictionnaires français. |
| 9 (RLIN) |
4215 |
| 650 #4 - SUBJECT ADDED ENTRY--TOPICAL TERM |
| Topical term or geographic name as entry element |
Droit humanitaire |
| General subdivision |
Dictionnaires. |
| 9 (RLIN) |
4216 |
| 650 #4 - SUBJECT ADDED ENTRY--TOPICAL TERM |
| Topical term or geographic name as entry element |
Human rights |
| General subdivision |
Dictionaries |
| 9 (RLIN) |
4226 |
| 650 #4 - SUBJECT ADDED ENTRY--TOPICAL TERM |
| Topical term or geographic name as entry element |
Humanitarian Law |
| General subdivision |
Dictionaries |
| 9 (RLIN) |
4217 |
| 650 #7 - SUBJECT ADDED ENTRY--TOPICAL TERM |
| Topical term or geographic name as entry element |
Droit humanitaire |
| General subdivision |
Dictionnaires. |
| Source of heading or term |
ram |
| 9 (RLIN) |
4218 |
| 650 #7 - SUBJECT ADDED ENTRY--TOPICAL TERM |
| Topical term or geographic name as entry element |
droit humanitaire |
| Form subdivision |
[dictionnaire] |
| Source of heading or term |
rero |
| 9 (RLIN) |
4219 |
| 650 #7 - SUBJECT ADDED ENTRY--TOPICAL TERM |
| Topical term or geographic name as entry element |
Droit international. |
| Source of heading or term |
rasuqam |
| 9 (RLIN) |
4220 |
| 650 17 - SUBJECT ADDED ENTRY--TOPICAL TERM |
| Topical term or geographic name as entry element |
Droit international humanitaire. |
| Source of heading or term |
rasuqam |
| 9 (RLIN) |
4221 |
| 650 #7 - SUBJECT ADDED ENTRY--TOPICAL TERM |
| Topical term or geographic name as entry element |
Droits de l'homme. |
| Source of heading or term |
rasuqam |
| 9 (RLIN) |
4222 |
| 653 ## - INDEX TERM--UNCONTROLLED |
| Uncontrolled term |
- |
| -- |
Arme |
| -- |
Conflit |
| -- |
Dictionnaire |
| -- |
Droit |
| -- |
Fondamental |
| -- |
Guerre |
| -- |
Homme |
| -- |
Humain |
| -- |
Humanitaire |
| 653 ## - INDEX TERM--UNCONTROLLED |
| Uncontrolled term |
International |
| -- |
Personne |
| 655 #6 - INDEX TERM--GENRE/FORM |
| Genre/form data or focus term |
Dictionnaires. |
| 9 (RLIN) |
6388 |
| 655 #7 - INDEX TERM--GENRE/FORM |
| Genre/form data or focus term |
Dictionnaire (Descripteur de forme) |
| Source of term |
rasuqam |
| 9 (RLIN) |
6389 |
| 655 #7 - INDEX TERM--GENRE/FORM |
| Genre/form data or focus term |
Guide (Descripteur de forme) |
| Source of term |
rasuqam |
| 9 (RLIN) |
6390 |
| 856 42 - ELECTRONIC LOCATION AND ACCESS |
| Materials specified |
Notice et cote du catalogue de la Bibliothèque nationale de France |
| Uniform Resource Identifier |
<a href="http://catalogue.bnf.fr/ark:/12148/cb40224582r">http://catalogue.bnf.fr/ark:/12148/cb40224582r</a> |
| 942 ## - ADDED ENTRY ELEMENTS (KOHA) |
| Source of classification or shelving scheme |
Library of Congress Classification |
| Koha item type |
Books |